Sports Quiz

Random Sports or Century Quiz

MLB Century Club - Philadelphia Phillies Quiz Stats

Quiz not verified by Sporcle

Challenge
Share
Tweet
Score 0/31 Timer 05:00
0 Plays Today
% Correct
Chase
98.3%
Jimmy
97.6%
Shane
97.5%
Ben
97.2%
Hunter
97.2%
Raul
97%
Jeff
96.8%
Ryan
96.8%
Jayson
96.7%
Marlon
96.7%
Placido
96.7%
Carlos
95.6%
Ty
94.9%
Juan
94.3%
Domonic
93.2%
John
92.6%
% Correct
Peter
92.5%
Freddy
92.2%
Ben
89.6%
Cody
88.9%
Maikel
88.7%
Michael
88.6%
Cameron
88.4%
Odubel
88.1%
Andres
87.7%
Darin
87.7%
Tommy
87.5%
Aaron
87.2%
Cesar
86.7%
Wilson
84.2%
Kevin
83.5%

You're not logged in!

Compare scores with friends on all Sporcle quizzes.
Sign Up with Email
OR
Log In

You Might Also Like...

Show Comments

Extras

Top Quizzes Today


Score Distribution

Your Account Isn't Verified!

In order to create a playlist on Sporcle, you need to verify the email address you used during registration. Go to your Sporcle Settings to finish the process.

Report this User

Report this user for behavior that violates our Community Guidelines.

Details: